000 00895 a2200229 4500
008 240605b mp ||||| |||| 00| 0 mon d
020 _a99929-0-684-7.
035 _a4462
040 _aHE0623081
_bmon
_cMN-UlNLM
_dMN-UlNLM
_erda
041 _amon
042 _a7348
084 _2NNA
_a22.1
_bГ.952
100 _aГэрэлтуяа С.
245 0 _aТоо тооллын анхны мэдэгдэхүүн
264 _aУБ.
_bМонсудар хэвлэлийн газар
_c2006
300 _a52х.
336 _2rdacontent
_atext
_btxt
337 _2rdamedia
_aunmediated
_bn
338 _2rdacarrier
_avolume
_bnc
650 _aХүүхдийн тоотой танилцах, юмсыг тоолох, ангилах, тооны бүтэц, задаргааны учрыг олох, зургийн дагуу нэмэх, хасах бодлого зохиох, ...
942 _2NNA
_cBK
999 _c876873
_d876930